000 00552nam a22001937a 4500
005 20251118122935.0
008 251118b |||||||| |||| 00| 0 eng d
020 _a978-0-538-73553-7
050 _aQA 303.2 .L37 2011
_bC.1
100 _aLARSON RON
245 _aCALCULUS OF A SINGLE VARIABLE EARLY TRANSCENDNDETAL FUNCTIONS
250 _aFIFTH EDITION
260 _aCALIFORNIA
_bRICHARD STRATHON
_c2011
300 _aV-1565P.
500 _aIT HAS BIBLIOGRAPHIC DATA
650 _aCALCULUS TEXTBOOKS
700 _aLARSON RON
942 _2lcc
_cBK
999 _c216200
_d216200